000
00317nam a2200109Ia 4500
008
171204s9999 xx 000 0 und d
245
_a
Python Network Programming Cookbook:
245
_c
Dr. M. O. Faruque Sarker
260
_c
2014
650
_x
Programming 1-2
856
_u
http://down.ebook777.com/044/1849513465.pdf
999
_c
345939
_d
345939